Länder des Französischen Reiches - Statistiken

Allgemein
  • Dieses Quiz wurde 205 mal gespielt
    203 seit der letzten Aktualisierung
  • Das Durchschnittsergebnis liegt bei 39 aus 73
Antwortstatistiken
Länder des Französischen Reiches % Korrekt
Deutschland
91%
Spanien
90%
Belgien
89%
Algerien
88%
Frankreich
87%
Marokko
87%
Italien
86%
Niederlande
86%
Luxemburg
81%
Schweiz
80%
Kanada
79%
Niger
79%
Tunesien
79%
Andorra
77%
Portugal
75%
Vereinigte Staaten
74%
Senegal
73%
Mauretanien
72%
Mali
70%
Polen
70%
Republik Kongo
70%
Monaco
68%
Tschad
68%
Vereinigtes Königreich
67%
Nigeria
66%
Togo
65%
Guinea
64%
Ägypten
63%
Libyen
63%
Vietnam
61%
Kamerun
60%
Guyana
56%
Laos
56%
Benin
55%
Kambodscha
54%
Gabun
53%
China
52%
Burkina Faso
50%
Haiti
50%
Zentralafrikanische Republik
50%
Gambia
49%
Indien
49%
Mexiko
48%
Madagaskar
46%
Syrien
46%
Indonesien
42%
Kroatien
42%
Mauritius
42%
Brasilien
41%
Malta
41%
Seychellen
41%
Türkei
41%
Libanon
40%
Vatikanstadt
40%
Komoren
38%
Slowenien
38%
Dominikanische Republik
36%
Griechenland
34%
Dschibuti
32%
Sao Tome und Principe
31%
Eritrea
29%
Saint Vincent und die Grenadinen
29%
Dominica
28%
Grenada
28%
Philippinen
26%
Saint Kitts und Nevis
26%
Albanien
25%
Saint Lucia
25%
Trinidad und Tobago
24%
Sri Lanka
21%
Taiwan
20%
Vanuatu
19%
Cote d'Ivoire
10%
Keine übereinstimmenden Quizze gefunden
Verteilung der Resultate
Anzahl Personen mit jedem Resultat
Perzentil nach korrekt beantworteten Fragen
Ihre Resultats-Entwicklung
Sie haben dieses Quiz seit der letzten Aktualisierung nicht gespielt